000 00608nam a2200181Ia 4500
008 100917s9999 xx 000 0 und d
082 _b42319
100 _aभगवान राजनीश
245 _aसंभोगातून समाधीकडे
260 _bजीवन जागृती प्रकाशन
_c1971
300 _a136
365 _b5
520 _aअध्यात्म
630 _aसंभोगातून समाधीकडे
650 _aअध्यात्म
730 _aसंभोगातून समाधीकडे
942 _cBOOK
999 _c647713
_d647710